| 000 | 00771nam a22002537a 4500 | ||
|---|---|---|---|
| 003 | CHAP | ||
| 005 | 20220817042150.0 | ||
| 008 | 971013s1932 r 00010 d | ||
| 010 | _a36510 | ||
| 011 | _a37482 | ||
| 035 | _a41602 | ||
| 040 | _cCHAP | ||
| 082 |
_a630.79 _bM48 |
||
| 110 | _aMéxico. Dirección General de Agricultura | ||
| 245 |
_aExposición nacional de agricultura _b: 13 al 21 de noviembre de 1932 |
||
| 260 |
_aSan Jacinto, D.F. : _bLa Dirección, _c(1932) |
||
| 300 |
_a155 p. _b; láms |
||
| 590 |
_aBATCH-UPD _b10 _c20130110 _lUCH01 _h0036 |
||
| 590 |
_aCONVERSION _b10 _c20130109 _lUCH01 _h1320 |
||
| 650 | 1 | 4 |
_aAgricultura _xExposiciones. _91484 |
| 901 | _aBK | ||
| 942 | _cLIBRO | ||
| 949 |
_a630.79 M48 _bBC _cBPP _d-95526 _eBPP _h60880 _i41602 _mD _si |
||
| 999 |
_c36510 _d36510 |
||